000 00482nam a2200193 a 4500
001 1760606289350
003 YourLibrary
005 20251018113042.0
008 251016s2002##################000#0#eng##
020 _a9780451528308
082 0 4 _a190
_bWOL
100 1 _aVarious,
_eauthor.
245 1 0 _aTen Great Works of Philosophy :
260 _bPenguin,
_c2002.
300 _a596 pages
650 0 _aPhilosophy.
942 _cENGLISH
040 _aYourLibrary
_beng
_cYourLibrary
999 _c592257
_d592257